000 00588nam a2200205 i 4500
001 bgj
100 1 _aEVANS, Joel R.
245 1 0 _aMarketing :
_bstudy guide /
_cJoel R. Evans, Barry Berman.
250 _a4th edition.
260 _aNew York ;
_aLondon :
_bMacmillan Publishing Company :
_bCollier Macmillan Publishers,
_cc. 1990.
300 _aVI, 436 pp ;
_c26 cm.
650 9 _aMarketing
700 1 _aBERMAN, Barry.
_eco-author
020 _a002334413X
040 _cBPK
041 0 _aeng
920 _a0-02-334413-X
942 _cKS
008 s uk f |000 0 eng
999 _c47626
_d47626
856 _uhttp://koha.tu.koszalin.pl/cgi-bin/koha/opac-detail.pl?biblionumber=47626
_yKatalog online BPK